| 000 | 00744cab a2200241 4500 | ||
|---|---|---|---|
| 001 | WB3225-12 | ||
| 008 | 090401t1996 xxu||||| |||| 00| 0 eng d | ||
| 035 | _a(Sirsi) u39972 | ||
| 041 | _aeng | ||
| 245 | _aRICS call for pylon studies fails | ||
| 260 | _c1996 | ||
| 350 | _a0 | ||
| 490 |
_aEstates Gazette _v(9625) 22 June 1996, 53(1) |
||
| 520 | _aEnvironment secretary has rejected RICS calls for further research into health risks associated with electricity pylons. | ||
| 650 | _aELECTRICITY PYLONS | ||
| 650 | _aELECTROMAGNETIC RADIATION | ||
| 650 | _aHEALTH HAZARDS | ||
| 650 | _aOVERHEAD CABLES | ||
| 690 | _aENVIRONMENTAL AND LAND CONSULTANCY-ENERGY | ||
| 690 |
_aEnvironment _96238 |
||
| 942 | _n0 | ||
| 948 | _c04/03/1997 | ||
| 999 |
_c25592 _d25592 |
||